00000000cam 2200000zi 4500
0019.954865
003CaOODSP
00520251230071713
006m     o  d f      
007cr cn|||||||||
008250905t20252025qucdo   ob   f000 0 eng d
020 |a9780660788135
040 |aCaOODSP|beng|erda|cCaOODSP
043 |an-cn---
0861 |aEn4-460/1-2025E-PDF
24500|a2025 progress report on the 2030 Emissions Reduction Plan.
264 1|aGatineau, Quebec : |bEnvironment and Climate Change Canada = Environnement et changement climatique Canada, |c[2025]
264 4|c©2025
300 |a1 online resource (iv, 243 pages) : |bgraphs, photographs
336 |atext|btxt|2rdacontent
337 |acomputer|bc|2rdamedia
338 |aonline resource|bcr|2rdacarrier
500 |aCover title.
500 |aIssued also in French under title: Rapport d'étape 2025 sur le Plan de réduction des émissions pour 2030.
504 |aIncludes bibliographical references (pages 231-243).
520 |a"This Progress Report on the 2030 Emissions Reduction Plan (ERP) is the second progress report published under the Canadian Net-Zero Emissions Accountability Act (CNZEAA). It outlines progress made since the publication of the first Progress Report in December 2023, while continuing to improve the way the Government of Canada reports to Canadians on progress towards our climate targets"--Introduction, page 1.
650 0|aGreenhouse gas mitigation|xGovernment policy|zCanada.
650 0|aCarbon dioxide mitigation|xGovernment policy|zCanada.
650 0|aIndustries|xEnvironmental aspects|xGovernment policy|zCanada.
650 0|aClimate change mitigation|xGovernment policy|zCanada.
7101 |aCanada. |bEnvironment and Climate Change Canada, |eissuing body.
77508|tRapport d'étape 2025 sur le Plan de réduction des émissions pour 2030.|w(CaOODSP)9.954867
795 |t2023 progress report on the 2030 Emissions Reduction Plan.|w(CaOODSP)9.930915
85640|qPDF|s5.91 MB|uhttps://publications.gc.ca/collections/collection_2025/eccc/en4/En4-460-1-2025-eng.pdf
986 |aEC25117